000 01367cab a2200229 4500
001 X125051
008 040205n2004 000 0 eng u
035 _a(Sirsi) u125051
100 _aDyer, C.
245 _aWorker Safety Advisers are go
260 _c2004
490 _aHealth and Safety Bulletin
_v(325) January/February 2004 13-17 (5)
520 _aFollowing the analysis of the responses to the Health and Safety Commission's discussion document (HSB 284 5 encouraged the promotion of public debate on arrangements for employee consultation and greater involvement in workplace health and safety), the HSC agreed with ministers measures to improve consultation with workers. This article principally discusses the Worker safety Adviser (WSA) pilot scheme which set out to introduce specially trained safety advisers to places that had no safety representatives and to liaise with management and the workforce over health and safety issues on site. Dyer concludes that the results of the pilot scheme show that WSAs can make a difference to health and safety standards in small workplaces.
590 _aABS
650 _aWORKPLACE
650 _aWORKER SAFETY ADVISER
650 _aHEALTH AND SAFETY EXECUTIVE
650 _aHEALTH AND SAFETY COMMISSION
650 _aHEALTH AND SAFETY INSPECTION
690 _aHealth and safety
_96244
942 _n0
999 _c74124
_d74124